000 01211cam a22003374a 4500
001 15402325
005 20250209132436.0
008 080806s2009 nyua b 001 0 eng
020 _a9780071498227 (pbk. : alk. paper)
020 _a0071498222 (pbk. : alk. paper)
050 0 0 _aRC952
_b.K36 2009
082 0 0 _a618.97
_222
245 0 0 _aEssentials of clinical geriatrics /
_cRobert L. Kane ... [et al.].
250 _a6th ed.
260 _aNew York :
_bMcGraw-Hill Medical,
_cc2009.
300 _axxii, 576 p. :
_bcol. ill. ;
_c23 cm.
500 _aRev. ed. of: Essentials of clinical geriatrics / Robert L. Kane, Joseph G. Ouslander, Itamar B. Abrass. 5th. ed. c2004.
650 0 _aGeriatrics.
650 0 _aAging.
650 0 _aOlder people
_xHealth and hygiene.
650 1 2 _aGeriatrics.
650 2 2 _aAged.
650 2 2 _aAging
_xphysiology.
650 2 2 _aAging
_xpsychology.
650 2 2 _aDiagnosis, Differential.
650 2 2 _aGeriatric Assessment.
700 1 _aKane, Robert L.,
_d1940-
700 1 _aKane, Robert L.,
_d1940-
_tEssentials of clinical geriatrics.
856 4 1 _3Table of contents only
_uhttp://www.loc.gov/catdir/toc/ecip0825/2008034799.html
942 _2lcc
_cBK
_e6th ed.
_n0
999 _c3745
_d3745